Diccionario de Hebreo Bíblico
محفوظ في:
| المؤلف الرئيسي: | |
|---|---|
| التنسيق: | كتاب |
| اللغة: | الإسبانية العبرية |
| منشور في: |
El Paso
Mundo Hispanico
2013
|
| الطبعة: | 8a. ed |
| الموضوعات: | |
| الوسوم: |
إضافة وسم
لا توجد وسوم, كن أول من يضع وسما على هذه التسجيلة!
|
MARC
| LEADER | 00000cam a2200000 a 4500 | ||
|---|---|---|---|
| 001 | UCE6699 | ||
| 003 | CL-VaPUC | ||
| 008 | 150430e20130000us |||||||||||||||||spa|d | ||
| 020 | |a 9780311420940 | ||
| 041 | 0 | 7 | |a spa |2 CL-VaPUC |
| 041 | 0 | 7 | |a heb |2 CL-VaPUC |
| 082 | 0 | 4 | |a 492.403 |b CHA |2 21 |
| 100 | 0 | |a Chávez, Moisés |e author |9 579301 | |
| 245 | 1 | 0 | |a Diccionario de Hebreo Bíblico |
| 250 | |a 8a. ed | ||
| 300 | |a 910 h | ||
| 942 | |c BK | ||
| 945 | |d 20150430 00:23:00 |a arojas | ||
| 260 | |a El Paso |b Mundo Hispanico |c 2013 | ||
| 500 | |a Léxico Hebreo completo | ||
| 500 | |a Léxico Arameo asimilado | ||
| 500 | |a Coordinación con la RVA | ||
| 500 | |a Indice Español-Hebreo | ||
| 650 | 0 | |a Hebreo |9 391464 | |
| 650 | 0 | |a Diccionarios |9 256200 | |
| 650 | 0 | |a Léxico |9 416570 | |
| 650 | 0 | |a Arameo |9 391465 | |
| 650 | 0 | |a Biblia |9 257603 | |
| 583 | |a last modification |c 20170608 04:15:58 |k Rodrigo Vera | ||
| 999 | |c 358923 |d 358921 | ||
| 952 | |0 0 |1 0 |3 erd |4 0 |6 492_403000000000000_CHA_2013 |7 0 |8 X |9 467889 |a BIBTEO |b BIBTEO |i 514700K |l 2 |o 492.403 CHA 2013 |p 514700K |r 2025-03-24 |s 2025-03-21 |w 2019-11-23 |y BK_X |z Catalogado en:20150430 |k ICR | ||